000
00300nam a2200121Ia 4500
005
20251222140024.0
008
251222s1900||||xx |||||||||||||| ||spa||
082
_a
148/G69
100
_a
"González, Angel Luis"
245
0
_a
"El absoluto como "Causa sui" en spinoza"
250
_a
3a.ed.
942
_c
LIB
999
_c
2745
_d
2745